| 000 | 02568cam a22002174a 4500 | ||
|---|---|---|---|
| 005 | 20250605163946.0 | ||
| 008 | 250528s ||||||||||||||||||||||||d | ||
| 035 | _a15218 | ||
| 020 | _a77079604 | ||
| 040 |
_aGR-AtMCL _bgre _dGR-AtMCL _eAACR2 |
||
| 245 | 1 | _aFinance for the General Management / A Four - Step Approach to the Key Financial Techniques | |
| 260 |
_bMcgraw Hill Book Company, _c1994 |
||
| 300 | _a290 | ||
| 505 | 0 | _aPreface, Acknowledgements, Financial Framework for General Management, The Balance Sheet, An Introduction to Profit and Cash Flow, The Relationship Between Financial Statements - Forming a View of the Business, Principles Applied in Preparing Financial Statements, Business Profitability Ratios, Ratios to Measure the Use of Business Assets, Financial Awareness, A Review of Corporate Reports, An Introduction to Analysing Corporate Reports, Analysing Corporate Reports - The Shareholders' and Lenders' Perspectives, The Art of Accounting, Variations in Financial Reporting: The International Dimension, Financial Management: The General Manager as a Financial Manager, Managing Cash, Managing Working Capital, Managing Costs to Support Business Decisions, Managing Capital Expenditure: The Principles, Assessing and Managing Corporate Financial Risk, Financial Direction, Strategic Financial Analysis and Measuring the Value of a Business, The Cost of Capital, Valuation and Business Restructuring. | |
| 520 | _aPreface, Acknowledgements, Financial Framework for General Management, The Balance Sheet, An Introduction to Profit and Cash Flow, The Relationship Between Financial Statements - Forming a View of the Business, Principles Applied in Preparing Financial Statements, Business Profitability Ratios, Ratios to Measure the Use of Business Assets, Financial Awareness, A Review of Corporate Reports, An Introduction to Analysing Corporate Reports, Analysing Corporate Reports - The Shareholders' and Lenders' Perspectives, The Art of Accounting, Variations in Financial Reporting: The International Dimension, Financial Management: The General Manager as a Financial Manager, Managing Cash, Managing Working Capital, Managing Costs to Support Business Decisions, Managing Capital Expenditure: The Principles, Assessing and Managing Corporate Financial Risk, Financial Direction, Strategic Financial Analysis and Measuring the Value of a Business, The Cost of Capital, Valuation and Business Restructuring. | ||
| 700 | 1 |
_aMills Roger _91104 |
|
| 700 | 1 |
_aStiles Jan _91105 |
|
| 942 | _cBK | ||
| 999 |
_c812 _d812 |
||